01070nam a2200253Ia 4500003000400000005001700004008004100021020002700062040001700089082001900106100002600125245007200151260002800223300001600251440004600267650002500313650002800338700002300366942000900389952013500398952013500533952013500668999001300803IIN20240209121957.0231217s9999 xx 000 0 und d cRs.2395.00a8184483090 aIINbEnglish a610.73 bWIL1 aWilkinson, Judith M. 1 aFundamentals of Nursing /cJudith M. Wilkinson and Karen Van Leuven bJaypeeaNew Delhic2008 axlvi,1089p. aTheory, Concepts and Applications vVol.11 aFoundationvNursing 1 aFundamentals vNursing 1 aLeuven, Karen Van  cBOOK 00102ddc40708Purches BookaIINbIINd2023-12-17g2395.00l0o610.73 WILp404r2023-12-17 21:32:18tVol.1w2023-12-17yBOOK 00102ddc40708Purches BookaIINbIINd2023-12-17g2395.00l0o610.73 WILp405r2023-12-17 21:32:18tVol.1w2023-12-17yBOOK 00102ddc40708Purches BookaIINbIINd2023-12-17g2395.00l0o610.73 WILp406r2023-12-17 21:32:18tVol.1w2023-12-17yBOOK c409d409